000 00281nam a22001337a 4500
008 170413b xxu||||| |||| 00| 0 eng d
020 _a9780446679565
041 _aeng
080 _a618
100 _a10
101 _aSHM
245 _aNANOTECHNOLOGY
_cROU.M.L
942 _2udc
_cBK
999 _c10636
_d10636